MARC

LEADER 00000nam0a2200000 4500
001 310398
005 20231102002301.0
020 |a RU  |b 82-6164 
035 |a (RuTPU)RU\TPU\book\335747 
090 |a 310398 
100 |a 20151125d1982 km y0rusy5003 ca 
101 0 |a rus 
102 |a RU 
105 |a a z 001zy 
200 1 |a Совершенствование организации работы с кадрами в народном хозяйстве  |f И. Б. Скоробогатов 
210 |a Москва  |c Экономика  |d 1982 
215 |a 175 с.  |c ил. 
320 |a Библиография в ссылках. 
606 1 |a Трудовые ресурсы  |x Управление  |2 stltpush  |3 (RuTPU)RU\TPU\subj\37115  |9 58255 
610 1 |a кадры 
610 1 |a народное хозяйство 
610 1 |a СССР 
610 1 |a планирование 
610 1 |a трудовые коллективы 
610 1 |a стабилизация 
610 1 |a НОТ 
610 1 |a научная организация труда 
610 1 |a руководящие кадры 
610 1 |a подготовка 
610 1 |a кадровая политика 
610 1 |a информационное обеспечение 
700 1 |a Скоробогатов  |b И. Б.  |g Игорь Борисович  |4 070 
801 0 |a RU  |b RuMRKP  |c 19950704  |g psbo 
801 1 |a RU  |b 63413507  |c 20151125 
801 2 |a RU  |b 63413507  |c 20190919  |g RCR 
942 |c BK